| 000 | 00762nas a2200241 4500 | ||
|---|---|---|---|
| 001 | BR0904629 | ||
| 003 | BR-BrBNA | ||
| 005 | 20231205113335.0 | ||
| 007 | ta | ||
| 008 | 230509b bl.|||p| |||| 00| 00por d | ||
| 040 |
_aBR-BrBNA _bpor _cBiblioteca Nacional de Agricultura |
||
| 041 | _a(Pt) | ||
| 072 | _aE51 | ||
| 100 | 1 | _aVivan, A.M. | |
| 100 | 1 | _aSette, R. de S. | |
| 245 | 1 | _aAnálise de eficiência técnica e identificação do perfil gerencial de produtores rurais. | |
| 650 | _aPRODUTOR RURAL | ||
| 650 | _aTECNOLOGIA | ||
| 650 | _aPERFIL GERENCIAL | ||
| 773 | 0 |
_tOrganização Rurais e Agroindustriais (Brazil) _xISSN 1517-3879 _g(Jan-Jun 2001), v. 3(1) p. 54-67 _wBR0904629 |
|
| 909 |
_a202311 _bLúcia _c55 _dLúcia Elande |
||
| 942 |
_2AGRIS _n0 _cANA |
||
| 999 |
_c203238 _d203238 |
||